00766nam 22002173 4500001000700000021000700007090001100014100004100025200004800066210003900114215002800153300009700181606002900278610001200307675002500319700004400344801001800388830002900406990001100435995010200446202826 aPT a202826 a20231110d u||y0pory50 ba aOs meninos de ourofAgustina Bessa - Luís aLisboacGuimarães Editoresd1983 a315 p.cbrochadod21 cm aContém dedicatória na folha de guarda Notas do Professor Dr. Almeida Faria na contracapa aLiteratura Portuguesa96 aRomance a821.134.3-3vPTzpor 91279aLuísbAgustina Bessaf1922-2019 aPTbBMMNgRPC cAna FalardofAna Falardo cLIVROS 002052026-07-01932636bBMMNf32347k821.134.3-3 LUI|SAFo0rLIVROSuAcesso CondicionadosOferta